
Library Catalogue

| 000 -LEADER | |
|---|---|
| fixed length control field | 01280cam a2200277 i 4500 |
| 001 - CONTROL NUMBER | |
| control field | 19273875 |
| 005 - DATE AND TIME OF LATEST TRANSACTION | |
| control field | 20260209090045.0 |
| 008 - FIXED-LENGTH DATA ELEMENTS--GENERAL INFORMATION | |
| fixed length control field | 160914t20172017enka b 001 0 eng d |
| 020 ## - INTERNATIONAL STANDARD BOOK NUMBER | |
| International Standard Book Number | 9781784718381 |
| 020 ## - INTERNATIONAL STANDARD BOOK NUMBER | |
| International Standard Book Number | 1784718386 |
| 082 ## - DEWEY DECIMAL CLASSIFICATION NUMBER | |
| Classification number | 307.76 STA |
| 100 1# - MAIN ENTRY--PERSONAL NAME | |
| Personal name | Stanley, John |
| 245 10 - TITLE STATEMENT | |
| Title | How great cities happen : |
| Remainder of title | integrating people, land use and transport / |
| Statement of responsibility, etc. | John Stanley, Janet Stanley and Roslynne Hansen |
| 264 #1 - PRODUCTION, PUBLICATION, DISTRIBUTION, MANUFACTURE, AND COPYRIGHT NOTICE | |
| Place of production, publication, distribution, manufacture | Cheltenham : |
| Name of producer, publisher, distributor, manufacturer | Edward Elgar, |
| Date of production, publication, distribution, manufacture, or copyright notice | 2017. |
| 300 ## - PHYSICAL DESCRIPTION | |
| Extent | xii, 303 p. : |
| Other physical details | ill. ; |
| Dimensions | 25 cm. |
| 490 1# - SERIES STATEMENT | |
| Series statement | Cities series |
| 505 ## - FORMATTED CONTENTS NOTE | |
| Formatted contents note | 1. Why this Book? 2. What Constitutes a ‘Good City’: Some Case Studies? 3. Economic Influences on Strategic Land Use Transport Policy and Planning 4. Land Use and Transport Designed to Meet Social Needs 5. A Neighbourhood Structured for Children and Youth 6. Housing Affordability: a Major Problem for Many Cities 7. The Interface with Land Use, Transport and Communities and the Environment 8. Governance 9. Funding 10. Putting an Integrated Land Use Transport Strategy Together |
| 650 #0 - SUBJECT ADDED ENTRY--TOPICAL TERM | |
| Topical term or geographic name entry element | Cities and towns. |
| 650 #0 - SUBJECT ADDED ENTRY--TOPICAL TERM | |
| Topical term or geographic name entry element | Land use. |
| 650 #0 - SUBJECT ADDED ENTRY--TOPICAL TERM | |
| Topical term or geographic name entry element | Urban transportation. |
| 650 #0 - SUBJECT ADDED ENTRY--TOPICAL TERM | |
| Topical term or geographic name entry element | Housing. |
| 650 #0 - SUBJECT ADDED ENTRY--TOPICAL TERM | |
| Topical term or geographic name entry element | City children. |
| 700 1# - ADDED ENTRY--PERSONAL NAME | |
| Personal name | Stanley, Janet |
| 700 1# - ADDED ENTRY--PERSONAL NAME | |
| Personal name | Hansen, Roslynne |
| 942 ## - ADDED ENTRY ELEMENTS (KOHA) | |
| Source of classification or shelving scheme | Dewey Decimal Classification |
| Koha item type | BOOKs |
| Withdrawn status | Lost status | Damaged status | Not for loan | Collection code | Home library | Current library | Shelving location | Date acquired | Total Checkouts | Full call number | Barcode | Date last seen | Price effective from | Koha item type |
|---|---|---|---|---|---|---|---|---|---|---|---|---|---|---|
| . | . | General Stacks | 05.11.2018 | 307.76 STA | 35551 | 05.11.2018 | 05.11.2018 | BOOKs |